000 00600nam a22002057a 4500
999 _c5757
_d5757
003 AR-CdUCM
008 190313b ||||| |||| 00| 0 spa d
040 _aMUNICIPALIDAD PROVINCIAL DEL CUSCO
_cBIBLIOTECA MUNICIPAL DEL CUSCO
082 _a869.56 /
_bY38
100 _aYauri, Iván
_917127
245 _aReapertura del Sumario /
260 _aLima :
_bOktubre Sediciones ;
_c2007.
300 _a42 páginas ;
_c21cm
505 _aContenido: Poesía
650 _aPoesía
_9444
650 _aPoesía peruana
_911982
650 _aPoesía siglo XXI
_95521
942 _2ddc
_cLIBROS
945 _anom